书目信息 |
| 题名: |
VxWorks程序员指南
|
|
| 作者: | ;王金刚 译 ;风河公司 著 | |
| 分册: | ||
| 出版信息: | 北京 清华大学出版社 2003 |
|
| 页数: | 403页 | |
| 开本: | 26cm | |
| 丛书名: | VxWorks开发人员指南丛书 | |
| 单 册: | ||
| 中图分类: | TP316.2 | |
| 科图分类: | ||
| 主题词: | 实时操作系统,VxWorks--指南 | |
| 电子资源: | ||
| ISBN: | 7-302-06853-4 | |
| 000 | 00728nam2 2200229 45 | |
| 001 | 0404290870 | |
| 005 | 20040429084325.5 | |
| 010 | @a7-302-06853-4@dCNY37.00 | |
| 100 | @a20040429d2003 km y0chiy0120 ea | |
| 101 | 0 | @achi@ceng |
| 105 | @a z 000yy | |
| 200 | 1 | @aVxWorks程序员指南@AVxWorks Cheng Xu Yuan Zhi Nan@f(美)风河公司著@F(Mei)Feng He Gong Si Zhu@g王金刚等译 |
| 210 | @a北京@c清华大学出版社@d2003 | |
| 215 | @a403页@d26cm | |
| 225 | @aVxWorks开发人员指南丛书 | |
| 410 | @12001 @aVxWorks开发人员指南丛书 | |
| 606 | 0 | @a实时操作系统,VxWorks@x指南 |
| 690 | @aTP316.2@v4 | |
| 702 | 0 | @a王金刚@AWang Jin Gang@4译 |
| 711 | 02 | @a风河公司@4著 |
| 801 | @aCN@bTSTC@c20040429 | |
| 905 | @b332026-030@dTP316.2@e719@f5 | |
| VxWorks程序员指南/(美)风河公司著/王金刚等译.-北京:清华大学出版社,2003 |
| 403页;26cm.-(VxWorks开发人员指南丛书) |
| ISBN 7-302-06853-4:CNY37.00 |
| ● |
| 相关链接 |
|
|
|
|
正题名:VxWorks程序员指南
索取号:TP316.2/719
 
预约/预借
| 序号 | 登录号 | 条形码 | 馆藏地/架位号 | 状态 | 备注 |
| 1 | 0332026 | 203320263 | 第三借阅区/ [索取号:TP316.2/719] | 在馆 | |
| 2 | 0332027 | 203320272 | 第三借阅区/ [索取号:TP316.2/719] | 在馆 | |
| 3 | 0332028 | 203320281 | 第三借阅区/ [索取号:TP316.2/719] | 在馆 | |
| 4 | 0332029 | 203320290 | 第三借阅区/ [索取号:TP316.2/719] | 在馆 | |
| 5 | 0332030 | 203320307 | 第二样本阅览室/ [索取号:TP316.2/719] | 在馆 |